Herejes políticos de Platón a Mao Tse-Tung
Đã lưu trong:
| Tác giả chính: | |
|---|---|
| Định dạng: | Sách |
| Ngôn ngữ: | Tiếng Tây Ban Nha |
| Được phát hành: |
Ciudad de México
Libreros Mexicanos Unidos
1963
|
| Loạt: | El Mundo de Hoy
|
| Những chủ đề: | |
| Các nhãn: |
Thêm thẻ
Không có thẻ, Là người đầu tiên thẻ bản ghi này!
|
MARC
| LEADER | 00000nam a2200000 a 4500 | ||
|---|---|---|---|
| 001 | UCT6240 | ||
| 003 | CL-VaPUC | ||
| 008 | 970106e19630000MX |||||||||||||||||spa|d | ||
| 082 | 0 | 4 | |a 320.092 |b NOM |2 21 |
| 100 | |a Nomad, Max |e autor |9 376169 | ||
| 245 | 1 | 0 | |a Herejes políticos de Platón a Mao Tse-Tung |
| 300 | |a 397 p | ||
| 942 | |c BK | ||
| 945 | |d 19970106 00:00:00 |a paguirre | ||
| 260 | |a Ciudad de México |b Libreros Mexicanos Unidos |c 1963 | ||
| 650 | 0 | |a Políticos |9 256302 | |
| 650 | 0 | |a Ideologías |9 255200 | |
| 650 | 7 | |a FILOSOFIA POLITICA |2 CL-VaPUC |9 376170 | |
| 650 | 7 | |a REVOLUCIONES POLITICAS |2 CL-VaPUC |9 376171 | |
| 650 | 0 | |a Comunismo |9 255588 | |
| 650 | 0 | |a Socialismo |9 255260 | |
| 583 | |a last modification |c 19970106 00:00:00 |k Rodrigo Vera | ||
| 490 | 0 | |a El Mundo de Hoy | |
| 999 | |c 254956 |d 254954 | ||
| 952 | |0 0 |1 0 |4 0 |6 320_092000000000000_NOM_1963 |7 0 |8 A |9 276947 |a BIBDER |b BIBDER |d 2019-11-19 |i 1800833 |o 320.092 NOM 1963 |p 1800833 |r 2023-01-25 |w 2019-11-19 |y BK |k DER | ||